00281nam a2200133Ia 45000030006000000080041000060400015000471000011000622450026000732500010000992600009001095460012001180050017001300STCL150530s9999 xx 000 0 und d aSTCLcSTCL aAusten aSense and sensibility aFirst c1953 aEnglish20220125171049.0